000 00471nam a2200181Ia 4500
008 221030s9999 xx 000 0 und d
020 _a0070589445
041 _aEnglish
082 _a105.23
_bShi
100 _aJ. K. Shim
245 0 _aSchaum`s Outlines of Theory & Problems of Managerial Accounting
_cby J. K. Shim, J.G. Siegel
250 _a2nd
260 _bTMH
_aNew Delhi
_c2004
300 _a360
650 _aManagement
700 _aJ.G. Siegel
942 _cBK
999 _c3953
_d3953